V krajine stredovekých pirátov

Stručný geograficko-turistický pohľad na Korziku. Minulosť a súčasnosť Korziky. Cenový prehľad pre turistov na Korzike.

Salvato in:
Dettagli Bibliografici
Autore principale: Onuferová, Marianna
Natura: Capitolo di libro
Lingua:slovacco
Soggetti:
Tags: Aggiungi Tag
Nessun Tag, puoi essere il primo ad aggiungerne!!

MARC

LEADER 00000naa a2200000 4500
001 r042313
005 20240426084941.5
041 0 |a slo 
044 |a SK 
245 1 0 |a V krajine stredovekých pirátov  |c Marianna Onuferová 
520 |a Stručný geograficko-turistický pohľad na Korziku. Minulosť a súčasnosť Korziky. Cenový prehľad pre turistov na Korzike. 
610 2 0 |a ruch cestovný 
610 2 0 |a geografia 
610 2 0 |a história 
610 2 0 |a pamiatky 
610 2 0 |a stredovek 
610 2 0 |a Korzika 
100 1 |a Onuferová, Marianna